书目信息 |
| 题名: |
德育与班主任
|
|
| 作者: | 陈瑞瑞 主编 | |
| 分册: | ||
| 出版信息: | 北京 高等教育出版社 2004 |
|
| 页数: | 365页 | |
| 开本: | 20cm | |
| 丛书名: | ||
| 单 册: | ||
| 中图分类: | G41 , G451.6 | |
| 科图分类: | ||
| 主题词: | 德育--师范大学--教材 , 班主任--德育--师范大学--教材 , 德育 , 班主任 | |
| 电子资源: | ||
| ISBN: | 7-04-013751-8 | |
| 000 | 00968nam0 2200277 450 | |
| 001 | 1530629371 | |
| 005 | 20150131083042.96 | |
| 010 | @a7-04-013751-8@dCNY15.20 | |
| 100 | @a20040120d2004 em y0chiy50 ea | |
| 101 | 0 | @achi |
| 102 | @aCN@b110000 | |
| 105 | @ay z 000yy | |
| 200 | 1 | @a德育与班主任@9de yu yu ban zhu ren@f陈瑞瑞主编 |
| 210 | @a北京@c高等教育出版社@d2004 | |
| 215 | @a365页@d20cm | |
| 300 | @a教师教育系列教材 | |
| 330 | @a书中介绍了德育的功能、目标、内容、规律、环境、改革与创新等基本原理和解读学生、集体教育、个别教育、班级心理教育、组织班级活动、撰写操行评定、计划与总结等班主任德育工作艺术,并探讨了面向新世纪进行德育和班主任工作的思想、理念、特点、内容、方法策略问题。 | |
| 606 | 0 | @a德育@x师范大学@j教材 |
| 606 | 0 | @a班主任@x德育@x师范大学@j教材 |
| 606 | 0 | @a德育 |
| 606 | 0 | @a班主任 |
| 690 | @aG41@v5 | |
| 690 | @aG451.6@v5 | |
| 701 | 0 | @a陈瑞瑞@9chen rui rui@4主编 |
| 801 | 0 | @aCN@bTSSF@c20150131 |
| 905 | @aZUCC@dG41@eJY18 | |
| 德育与班主任/陈瑞瑞主编.-北京:高等教育出版社,2004 |
| 365页;20cm |
| 教师教育系列教材 |
| ISBN 7-04-013751-8:CNY15.20 |
| 书中介绍了德育的功能、目标、内容、规律、环境、改革与创新等基本原理和解读学生、集体教育、个别教育、班级心理教育、组织班级活动、撰写操行评定、计划与总结等班主任德育工作艺术,并探讨了面向新世纪进行德育和班主任工作的思想、理念、特点、内容、方法策略问题。 |
| ● |
| 相关链接 |
|
|
|
|
正题名:德育与班主任
索取号:G41/JY18
 
预约/预借
| 序号 | 登录号 | 条形码 | 馆藏地/架位号 | 状态 | 备注 |
| 1 | 7845714 | 278457144 | 学院路分馆/ [索取号:G41/JY18] | 在馆 |